Statistiques concernant Pokémon 7G - Anagrammes aléatoire

Cliquez ici pour prendre le quiz!

Statistiques générales

  • Ce quiz a été pris 24 fois
  • Le résultat moyen est 9 sur 20

Statistiques - réponses

Pokémon% Correct
Ama-Ama
100%
Araqua
100%
Bombydou
100%
Cosmog
100%
Crabagarre
100%
Dodoala
100%
écaïd
100%
ékaïser
100%
Félinferno
100%
Meltan
100%
Mimiqui
100%
Solgaleo
100%
Sovkipou
100%
Tokorico
100%
Tritox
100%
Type:0
100%
Lunala
80%
Tokotoro
80%
Zéroïd
80%
Mimantis
75%
Necrozma
75%
Nounourson
75%
Bazoucan
67%
Cosmovum
67%
Otaquin
67%
Spododo
67%
Tokopiyon
67%
Météno
63%
Candine
60%
Malamandre
57%
Bacabouh
56%
Bamboiselle
50%
Boumata
50%
Chrysapile
50%
Denticrisse
50%
Draïeul
50%
Flamiaou
50%
Katagami
50%
Lougaroc
50%
Marshadow
50%
Matoufeu
50%
Mouscoto
50%
Oratoria
50%
Prédastérie
50%
Quartermac
50%
Rubombelle
50%
Câblifère
45%
Larvibule
43%
Magearna
43%
Trépassable
43%
Archéduc
40%
Gouroutan
40%
Melmetal
40%
Concombaffe
33%
Picassaut
33%
Silvallié
33%
Chelours
25%
Croquine
25%
Froussardine
25%
Guérilande
25%
Lucanon
25%
Mandrillon
25%
Manglouton
25%
Pierroteknik
25%
Rocabot
25%
Tiboudet
25%
Togedemaru
25%
Vorastérie
25%
Argouste
20%
Bébécaille
20%
Brindibou
20%
Bourrinos
17%
Crabominable
17%
Tokopisco
17%
Otarlette
14%
Cancrelove
0%
Efflèche
0%
Engloutyran
0%
Floramantis
0%
Lampignon
0%
Piclairon
0%
Plumeline
0%
Sarmuraï
0%
Sinistrail
0%
Sucreine
0%
Tarenbulle
0%
Vémini
0%
Zeraora
0%

Distribution des résultats

Percentile par nombre de réponses

% des personnes avec chaque résultat

Votre développement - résultats

Vous n’avez pas pris ce quiz